[Event "Junior Online 4NCL Division 4"]
[Site "online"]
[Date "2021.01.21"]
[Round "1.103"]
[White "Stehlin, Nathan"]
[Black "Karthisamy, Prathik"]
[Result "1-0"]
[WhiteElo "1337"]
[BlackElo "850"]
[PlyCount "81"]
[EventDate "2021.01.21"]
[WhiteTeam "JHJ Shark Tank 5"]
[BlackTeam "Uxbridge Juniors Chargers"]

1. c4 e6 2. d4 Nf6 3. Bg5 Be7 4. Nf3 O-O 5. e3 h6 6. Bh4 c6 7. Nc3 Ng4 8. Bxe7
Qxe7 9. h3 Nf6 10. Ne5 d6 11. Nf3 d5 12. Be2 Qb4 13. Qd2 dxc4 14. a3 Qe7 15.
Bxc4 c5 16. dxc5 Qxc5 17. Ba2 Qc6 18. Rc1 Ne4 19. Qd3 Nxc3 20. Rxc3 Qb6 21. Qc2
Nc6 22. Bb1 f5 23. O-O Bd7 24. Rd1 Rfd8 25. Rcd3 Be8 26. Rd6 Bh5 27. Rxe6 Rxd1+
28. Qxd1 Bxf3 29. Qxf3 Qxb2 30. Qxf5 Qxa3 31. Qh7+ Kf7 32. Qg6+ Kf8 33. Qf5+
Kg8 34. Qh7+ Kf7 35. Qg6+ Kf8 36. Rd6 Qc1+ 37. Kh2 Qa3 38. Rd7 Qb3 39. Qxg7+
Ke8 40. Bg6+ Qf7 41. Qxf7# 1-0

[Event "Junior Online 4NCL Division 4"]
[Site "online"]
[Date "2021.01.21"]
[Round "1.104"]
[White "Watson, Lewis"]
[Black "Sharma, Ishaan"]
[Result "0-1"]
[WhiteElo "741"]
[BlackElo "1328"]
[PlyCount "32"]
[EventDate "2021.01.21"]
[WhiteTeam "Uxbridge Juniors Chargers"]
[BlackTeam "JHJ Shark Tank 5"]

1. e4 e5 2. Bc4 Nf6 3. Nf3 Bc5 4. d4 exd4 5. Nxd4 Nxe4 6. O-O O-O 7. Nd2 Nf6 8.
N2b3 Be7 9. Bg5 d5 10. Bd3 Ng4 11. Bxe7 Qxe7 12. Bf5 Bxf5 13. Nxf5 Qg5 14. Qxd5
Qf4 15. Ne7+ Kh8 16. Nc5 Qxh2# 0-1

[Event "Junior Online 4NCL Division 4"]
[Site "online"]
[Date "2021.01.21"]
[Round "1.106"]
[White "Chen, George"]
[Black "Bommi, Praneeth"]
[Result "1-0"]
[WhiteElo "1325"]
[BlackElo "1334"]
[PlyCount "35"]
[EventDate "2021.01.21"]
[WhiteTeam "JHJ Shark Tank 5"]
[BlackTeam "Uxbridge Juniors Chargers"]

1. e4 e6 2. d4 b6 3. Nf3 Nf6 4. Nc3 Bb7 5. Bd3 d5 6. e5 Ne4 7. Bxe4 dxe4 8. Ng5
Qxg5 9. Bxg5 f6 10. exf6 gxf6 11. Bxf6 Bg7 12. Bxg7 Rg8 13. Be5 Nc6 14. Qh5+
Rg6 15. Qxh7 Rxg2 16. Qh8+ Kd7 17. Qh7+ Kc8 18. Qxc7# 1-0

[Event "Junior Online 4NCL Division 4"]
[Site "online"]
[Date "2021.01.21"]
[Round "1.107"]
[White "Karthisamy, Prathik"]
[Black "Stehlin, Nathan"]
[Result "0-1"]
[WhiteElo "850"]
[BlackElo "1337"]
[PlyCount "104"]
[EventDate "2021.01.21"]
[WhiteTeam "Uxbridge Juniors Chargers"]
[BlackTeam "JHJ Shark Tank 5"]

1. e4 c5 2. d3 e6 3. Nf3 d5 4. exd5 exd5 5. Qe2+ Be7 6. Bg5 f6 7. Bf4 Nc6 8.
Qd2 Bd6 9. Bxd6 Qxd6 10. Qe3+ Nge7 11. Be2 O-O 12. O-O Re8 13. Qd2 Bg4 14. h3
Bxf3 15. Bxf3 Nf5 16. Nc3 d4 17. Ne4 Qf8 18. Qf4 Nfe7 19. Nxc5 Ng6 20. Qf5 Re5
21. Bd5+ Kh8 22. Qf3 Qxc5 23. Bxc6 Qxc6 24. Qxc6 bxc6 25. b3 Kg8 26. Rac1 Rc8
27. c4 a5 28. f3 c5 29. a4 Kf7 30. f4 Re3 31. Rcd1 Rce8 32. f5 Ne5 33. Rfe1
Rxd3 34. Rxd3 Nxd3 35. Rxe8 Kxe8 36. Kf1 Nc1 37. Ke1 Nxb3 38. Kd1 Kd7 39. Kc2
Na1+ 40. Kb2 Nb3 41. Kxb3 Kd6 42. Kc2 Ke5 43. Kd2 Kxf5 44. Ke2 Kf4 45. Kf2 g5
46. g3+ Ke4 47. Ke2 h5 48. h4 g4 49. Kd2 Kf3 50. Kd3 f5 51. Kd2 Kxg3 52. Ke2
Kxh4 0-1

[Event "Junior Online 4NCL Division 4"]
[Site "online"]
[Date "2021.01.21"]
[Round "1.108"]
[White "Sharma, Ishaan"]
[Black "Watson, Lewis"]
[Result "1-0"]
[WhiteElo "1328"]
[BlackElo "741"]
[PlyCount "123"]
[EventDate "2021.01.21"]
[WhiteTeam "JHJ Shark Tank 5"]
[BlackTeam "Uxbridge Juniors Chargers"]

1. d4 Nc6 2. Nf3 d5 3. Bf4 Nf6 4. Nc3 e6 5. e3 Bb4 6. Qd2 Ne4 7. Qd3 Bxc3+ 8.
bxc3 O-O 9. Be2 Bd7 10. O-O f6 11. Nd2 e5 12. Bg3 Bf5 13. Nxe4 Bxe4 14. Qb5 a6
15. Qb1 exd4 16. cxd4 Bxg2 17. Kxg2 f5 18. c4 Rb8 19. Qc2 Nb4 20. Qc3 a5 21.
cxd5 Qxd5+ 22. Bf3 Qd7 23. Qc4+ Rf7 24. a3 Nc6 25. Bd5 b5 26. Bxf7+ Qxf7 27.
Qxc6 b4 28. axb4 axb4 29. Ra7 b3 30. Rxc7 Qe8 31. Qxe8+ Rxe8 32. Rb7 g6 33.
Rxb3 Rf8 34. Rb7 h5 35. Be5 g5 36. Rg7+ Kh8 37. Rxg5+ Kh7 38. Rxh5+ Kg6 39. Rh3
Kg5 40. Kh1 f4 41. Rg1+ Kf5 42. Bxf4 Ke6 43. Rg5 Kf6 44. Rh6+ Kf7 45. Rf5+ Ke8
46. Rxf8+ Kxf8 47. Rh7 Kg8 48. Ra7 Kf8 49. d5 Ke8 50. d6 Kd8 51. d7 Ke7 52.
Bg5+ Ke6 53. d8=Q Kf5 54. Qd6 Kxg5 55. Ra5+ Kg4 56. Qd4+ Kf3 57. Rf5+ Ke2 58.
Rc5 Kxf2 59. e4+ Ke2 60. e5 Kf1 61. Qb2 Ke1 62. Rc1# 1-0

[Event "Junior Online 4NCL Division 4"]
[Site "online"]
[Date "2021.01.21"]
[Round "1.111"]
[White "Kothari, Jai"]
[Black "Morin, Julian"]
[Result "1-0"]
[WhiteElo "1533"]
[BlackElo "938"]
[PlyCount "61"]
[EventDate "2021.01.21"]
[WhiteTeam "Woking Warriors"]
[BlackTeam "Barnet Knights E"]

1. e4 e5 2. Nf3 Nc6 3. Bb5 a6 4. Bxc6 dxc6 5. h3 Bd6 6. O-O Nf6 7. d4 exd4 8.
e5 Bxe5 9. Nxe5 Qe7 10. Qxd4 c5 11. Qc3 Nd5 12. Qd2 Qxe5 13. Re1 Qxe1+ 14.
Qxe1+ Ne7 15. Bg5 f6 16. Be3 O-O 17. Bxc5 Re8 18. Bxe7 b6 19. Nc3 b5 20. a3 a5
21. Qe4 Kf7 22. Qxa8 Rxe7 23. Qd5+ Be6 24. Qxb5 Rd7 25. Re1 Rd6 26. Ne4 Rd5 27.
Qc6 Bd7 28. Qxd5+ Be6 29. Ng5+ Ke7 30. Qxe6+ Kd8 31. Qe8# 1-0

[Event "Junior Online 4NCL Division 4"]
[Site "online"]
[Date "2021.01.21"]
[Round "1.112"]
[White "Marshall, Wilfred"]
[Black "Seet, Joshua"]
[Result "0-1"]
[WhiteElo "887"]
[BlackElo "1383"]
[PlyCount "74"]
[EventDate "2021.01.21"]
[WhiteTeam "Barnet Knights E"]
[BlackTeam "Woking Warriors"]

1. e4 c6 2. Nf3 d5 3. exd5 cxd5 4. d4 Nf6 5. Nc3 Bf5 6. Bf4 e6 7. Be2 Nc6 8.
O-O Bd6 9. Ne5 O-O 10. Re1 Qc7 11. a3 Nxe5 12. Bxe5 Bxe5 13. dxe5 Qxe5 14. Bf3
Qc7 15. Rc1 Qb6 16. Qd2 Qxb2 17. Ra1 Qb6 18. Rab1 Qd6 19. Nb5 Qc5 20. a4 a6 21.
Nc3 Rab8 22. Be2 Rfc8 23. Kf1 Qxc3 24. Qd1 Bxc2 25. Qc1 Bxb1 26. Qxb1 Ne4 27.
Bd3 Nd2+ 28. Ke2 Nxb1 29. Rxb1 e5 30. f3 g6 31. Rd1 f5 32. Ke3 e4 33. fxe4 dxe4
34. g3 Rd8 35. Ke2 Rxd3 36. Kf1 Rxd1+ 37. Ke2 Qd2# 0-1

[Event "Junior Online 4NCL Division 4"]
[Site "online"]
[Date "2021.01.21"]
[Round "1.114"]
[White "Greenberg, Sam"]
[Black "Wicks, Alexander"]
[Result "0-1"]
[WhiteElo "600"]
[BlackElo "1105"]
[PlyCount "56"]
[EventDate "2021.01.21"]
[WhiteTeam "Barnet Knights E"]
[BlackTeam "Woking Warriors"]

1. e4 d5 2. exd5 Nf6 3. d6 exd6 4. Bc4 d5 5. Bb5+ c6 6. Ba4 Bc5 7. Nf3 O-O 8.
O-O Ne4 9. d4 Bd6 10. Be3 Bf5 11. Nc3 b5 12. Nxe4 Bxe4 13. Bb3 a5 14. Ne5 a4
15. Bxd5 cxd5 16. Qg4 Bxe5 17. dxe5 Qc8 18. Qg3 Qxc2 19. Rac1 Qxb2 20. Ra1 Qxe5
21. Qxe5 Nc6 22. Qg5 d4 23. Bf4 b4 24. Be5 f6 25. Bxf6 Rxf6 26. Qc5 Rg6 27. g3
d3 28. Qxb4 Nxb4 0-1

[Event "Junior Online 4NCL Division 4"]
[Site "online"]
[Date "2021.01.21"]
[Round "1.115"]
[White "Morin, Julian"]
[Black "Kothari, Jai"]
[Result "0-1"]
[WhiteElo "938"]
[BlackElo "1533"]
[PlyCount "108"]
[EventDate "2021.01.21"]
[WhiteTeam "Barnet Knights E"]
[BlackTeam "Woking Warriors"]

1. e4 c5 2. c3 d6 3. d4 cxd4 4. cxd4 g6 5. Nf3 Bg7 6. Nc3 Nf6 7. Bc4 O-O 8. Bf4
Qa5 9. O-O a6 10. Re1 b5 11. Bd3 Bb7 12. a3 Nc6 13. d5 Na7 14. b4 Qc7 15. Rc1
Qd7 16. Ne2 Nh5 17. Be3 Rac8 18. Qd2 Rxc1 19. Rxc1 Ba8 20. Bh6 Rc8 21. Rxc8+
Nxc8 22. Nc3 Qc7 23. Bxg7 Kxg7 24. Ng5 Nb6 25. Qa2 Qxc3 26. Qc2 Qxc2 27. Bxc2
h6 28. Nf3 Nc4 29. Kf1 Nxa3 30. Bb3 Nf6 31. Nd2 Nc4 32. Bxc4 bxc4 33. Nxc4 Nxe4
34. f3 Nc3 35. Ne3 Nxd5 36. Nxd5 Bxd5 37. Ke2 e5 38. Ke3 f5 39. g4 Kf6 40. gxf5
gxf5 41. Kf2 f4 42. Ke2 h5 43. Kf2 Kf5 44. Ke2 Bc4+ 45. Kf2 d5 46. Ke1 e4 47.
Kf2 e3+ 48. Ke1 d4 49. Kd1 d3 50. Ke1 d2+ 51. Kd1 Ke5 52. h3 Kd4 53. h4 Kd3 54.
b5 e2# 0-1

[Event "Junior Online 4NCL Division 4"]
[Site "online"]
[Date "2021.01.21"]
[Round "1.116"]
[White "Seet, Joshua"]
[Black "Marshall, Wilfred"]
[Result "1-0"]
[WhiteElo "1383"]
[BlackElo "887"]
[PlyCount "155"]
[EventDate "2021.01.21"]
[WhiteTeam "Woking Warriors"]
[BlackTeam "Barnet Knights E"]

1. d4 d5 2. c4 Nf6 3. cxd5 Nxd5 4. e4 Nb6 5. Nf3 e6 6. Nc3 c5 7. d5 exd5 8.
exd5 Be7 9. Bf4 O-O 10. Be2 N8d7 11. O-O Nf6 12. d6 Bxd6 13. Bxd6 Re8 14. Be5
Qe7 15. Bb5 Rd8 16. Qc2 Nbd7 17. Bxd7 Bxd7 18. Ne4 Bf5 19. Nxf6+ gxf6 20. Qxf5
fxe5 21. Nxe5 Rd5 22. Qg4+ Kf8 23. Nf3 Rad8 24. Rfe1 Qf6 25. Ng5 Rxg5 26. Qe4
Kg7 27. g3 Rd2 28. Qe3 Rxb2 29. h4 Rg6 30. Qxc5 Qxh4 31. Qe5+ Qf6 32. Qxf6+
Rxf6 33. Reb1 Rxb1+ 34. Rxb1 b6 35. Rb3 h5 36. Ra3 a5 37. Rb3 Kh6 38. Kg2 Re6
39. Rf3 Kg6 40. Rb3 f5 41. Kh3 Kg5 42. f4+ Kg6 43. a4 Kh6 44. Rb5 Rg6 45. Rxf5
Rc6 46. Kh4 Rc3 47. Rxh5+ Kg6 48. Rb5 Rc6 49. f5+ Kg7 50. g4 Rh6+ 51. Kg3 Kf6
52. Kf4 Kf7 53. g5 Rh4+ 54. Kg3 Rxa4 55. Rxb6 Ra1 56. g6+ Kg7 57. Ra6 a4 58.
Ra7+ Kf6 59. g7 Rg1+ 60. Kf4 Rxg7 61. Rxa4 Rh7 62. Ra6+ Kf7 63. Ra7+ Kg8 64.
Rxh7 Kxh7 65. Ke5 Kg8 66. Ke6 Kf8 67. Kf6 Kg8 68. Ke7 Kg7 69. f6+ Kg8 70. f7+
Kg7 71. f8=Q+ Kg6 72. Ke6 Kh7 73. Qf7+ Kh8 74. Qf6+ Kg8 75. Qg5+ Kh8 76. Kf7
Kh7 77. Qg6+ Kh8 78. Qh6# 1-0

[Event "Junior Online 4NCL Division 4"]
[Site "online"]
[Date "2021.01.21"]
[Round "1.117"]
[White "Finlay Fox, George"]
[Black "Phillips, Freddie"]
[Result "0-1"]
[WhiteElo "800"]
[BlackElo "1315"]
[PlyCount "32"]
[EventDate "2021.01.21"]
[WhiteTeam "Barnet Knights E"]
[BlackTeam "Woking Warriors"]

1. e4 e5 2. Bc4 Nc6 3. Qh5 Qf6 4. Nf3 Bc5 5. O-O Nh6 6. d4 Nxd4 7. Bg5 Nxf3+ 8.
gxf3 Qg6 9. Qg4 Nxg4 10. fxg4 Qxg5 11. h3 Qf4 12. Kg2 Qxe4+ 13. Kh2 Qxc4 14. b3
Qxf1 15. b4 Qxf2+ 16. Kh1 Qg1# 0-1

[Event "Junior Online 4NCL Division 4"]
[Site "online"]
[Date "2021.01.21"]
[Round "1.118"]
[White "Wicks, Alexander"]
[Black "Greenberg, Sam"]
[Result "1-0"]
[WhiteElo "1105"]
[BlackElo "600"]
[PlyCount "35"]
[EventDate "2021.01.21"]
[WhiteTeam "Woking Warriors"]
[BlackTeam "Barnet Knights E"]

1. e4 e5 2. Nf3 d6 3. c4 Bg4 4. h3 Bxf3 5. Qxf3 Nc6 6. Nc3 Nd4 7. Qd3 g6 8. Ne2
Nxe2 9. Bxe2 Bg7 10. c5 dxc5 11. Qb5+ c6 12. Qxb7 Rb8 13. Qxc6+ Qd7 14. Qxd7+
Kxd7 15. O-O Rc8 16. Bg4+ f5 17. exf5 gxf5 18. Bxf5+ 1-0

[Event "Junior Online 4NCL Division 4"]
[Site "online"]
[Date "2021.01.21"]
[Round "1.121"]
[White "Minhas, Salar"]
[Black "Durling, Charlie"]
[Result "1-0"]
[WhiteElo "924"]
[BlackElo "1235"]
[PlyCount "81"]
[EventDate "2021.01.21"]
[WhiteTeam "Coldfall Knights"]
[BlackTeam "Edgware Gambits E"]

1. e4 e6 2. d4 d5 3. exd5 exd5 4. Be3 Nf6 5. Bd3 Bg4 6. f3 Bh5 7. g4 Bg6 8. h4
Bxd3 9. Qxd3 Bd6 10. Nc3 Bb4 11. O-O-O O-O 12. a3 Bd6 13. b4 Nbd7 14. Nh3 c5
15. dxc5 Be7 16. Nxd5 Nxd5 17. Qxd5 Nf6 18. Qxd8 Rfxd8 19. Rxd8+ Rxd8 20. Rd1
Rxd1+ 21. Kxd1 Nd5 22. Bg5 Bxg5 23. Nxg5 h6 24. Ne4 Ne3+ 25. Kd2 Nc4+ 26. Kd3
Nxa3 27. c3 Nb5 28. Nd6 Nxd6 29. cxd6 Kf8 30. Kd4 Ke8 31. Kd5 Kd7 32. c4 g6 33.
g5 hxg5 34. hxg5 a6 35. f4 b6 36. c5 bxc5 37. bxc5 a5 38. c6+ Kd8 39. c7+ Kc8
40. Kc6 a4 41. d7# 1-0

[Event "Junior Online 4NCL Division 4"]
[Site "online"]
[Date "2021.01.21"]
[Round "1.122"]
[White "Jowell, Leo"]
[Black "Corrall, Ruby"]
[Result "1-0"]
[WhiteElo "1239"]
[BlackElo "934"]
[PlyCount "119"]
[EventDate "2021.01.21"]
[WhiteTeam "Edgware Gambits E"]
[BlackTeam "Coldfall Knights"]

1. d4 d5 2. c4 c6 3. Nc3 Nf6 4. Bf4 Be6 5. Nf3 Nbd7 6. e3 g6 7. Bd3 Bg7 8. O-O
O-O 9. cxd5 Nxd5 10. Nxd5 Bxd5 11. e4 Be6 12. Ne5 Rc8 13. Nxd7 Qxd7 14. d5 cxd5
15. exd5 Qxd5 16. Qd2 Bd7 17. Qe3 e6 18. Rad1 Qh5 19. Bxg6 Qxg6 20. Rxd7 Rc2
21. h3 Rxb2 22. Qxa7 b5 23. Rb7 Qe4 24. Bd6 Rd8 25. Rxf7 Qg6 26. Rb7 Rxd6 27.
Rb8+ Bf8 28. Qe7 Qf7 29. Qxd6 Kg7 30. Qe5+ Kg8 31. Qxb2 Qf4 32. Qxb5 Qf5 33.
Qxf5 exf5 34. Re1 Kg7 35. Ree8 Bd6 36. Rg8+ Kf7 37. Rgd8 Bxb8 38. Rxb8 Kg7 39.
Kf1 Kg6 40. Ke2 h5 41. Kf3 Kg5 42. Rg8+ Kf6 43. Kf4 Ke6 44. a4 Kd6 45. a5 Kc7
46. Kxf5 Kc6 47. Rb8 Kd5 48. a6 Kd4 49. a7 Kd3 50. a8=R Ke2 51. Ra3 Kxf2 52.
Rb2+ Kg1 53. Ra1+ Kh2 54. g4+ Kxh3 55. gxh5 Kh4 56. Kg6 Kg4 57. Ra4+ Kg3 58.
Rb3+ Kg2 59. Ra2+ Kg1 60. Rb1# 1-0

[Event "Junior Online 4NCL Division 4"]
[Site "online"]
[Date "2021.01.21"]
[Round "1.123"]
[White "Haga, Matteo"]
[Black "Lyons, Joseph"]
[Result "0-1"]
[WhiteElo "850"]
[BlackElo "1206"]
[PlyCount "106"]
[EventDate "2021.01.21"]
[WhiteTeam "Coldfall Knights"]
[BlackTeam "Edgware Gambits E"]

1. e4 e5 2. Nf3 Nc6 3. d3 Nf6 4. g3 Bc5 5. Bg2 d6 6. O-O O-O 7. h3 Be6 8. Nc3
d5 9. exd5 Nxd5 10. Qe2 Qd6 11. Be3 Bxe3 12. fxe3 Rfe8 13. Nxd5 Bxd5 14. c4 Be6
15. b3 Rad8 16. Rfd1 Nb4 17. d4 exd4 18. Rxd4 Qb6 19. Rxd8 Rxd8 20. Nd4 Rxd4
21. exd4 Qxd4+ 22. Kh2 Qxa1 23. Qd2 Qf6 24. Qxb4 g6 25. Qxb7 Qd4 26. Qxc7 Qd7
27. Qc6 Bxh3 28. Qxd7 Bxd7 29. b4 Kf8 30. a4 Bxa4 31. c5 Ke7 32. c6 Kd8 33. Kh3
Kc7 34. Kg4 Bxc6 35. Bxc6 Kxc6 36. Kg5 Kb5 37. Kf6 Kxb4 38. Kxf7 a5 39. Kg7 a4
40. Kxh7 g5 41. Kh6 g4 42. Kh5 a3 43. Kxg4 a2 44. Kf4 a1=Q 45. g4 Qf6+ 46. Kg3
Qg5 47. Kf3 Kc5 48. Kg3 Kd4 49. Kf3 Ke5 50. Kg3 Ke4 51. Kh3 Kf3 52. Kh2 Qxg4
53. Kh1 Qg2# 0-1

[Event "Junior Online 4NCL Division 4"]
[Site "online"]
[Date "2021.01.21"]
[Round "1.124"]
[White "Rahamim, Eitan"]
[Black "Richards, Hal"]
[Result "1-0"]
[WhiteElo "1211"]
[BlackElo "790"]
[PlyCount "103"]
[EventDate "2021.01.21"]
[WhiteTeam "Edgware Gambits E"]
[BlackTeam "Coldfall Knights"]

1. d4 Nc6 2. e4 Nf6 3. Nc3 d6 4. Bb5 e5 5. d5 a6 6. Bxc6+ bxc6 7. dxc6 Be7 8.
Nf3 O-O 9. Bg5 h6 10. Bxf6 Bxf6 11. Nd5 Bg4 12. O-O Bxf3 13. Qxf3 a5 14. Nxf6+
gxf6 15. Qg3+ Kh8 16. a3 Qe8 17. f4 Rg8 18. Qc3 Ra6 19. fxe5 dxe5 20. Rxf6 a4
21. Qc4 Rf8 22. Qxa6 Kg7 23. Rf3 h5 24. Qb7 h4 25. Qxc7 h3 26. Raf1 hxg2 27.
Kxg2 Kg8 28. Rxf7 Rxf7 29. Rxf7 Qxf7 30. Qxf7+ Kxf7 31. c7 Kg6 32. c8=Q Kg5 33.
Qg8+ Kf4 34. Qh7 Ke3 35. c4 Kd3 36. c5 Kc4 37. c6 Kc5 38. c7 Kc6 39. c8=Q+ Kd6
40. Qa6+ Kc5 41. Qf5 Kd4 42. Qd6+ Ke3 43. Qfxe5 Ke2 44. b3 axb3 45. Qb2+ Ke3
46. Qb4 Kf4 47. Q2xb3 Ke5 48. Qd5+ Kf4 49. e5+ Kf5 50. e6+ Kf6 51. Qf4+ Ke7 52.
Qf7# 1-0

[Event "Junior Online 4NCL Division 4"]
[Site "online"]
[Date "2021.01.21"]
[Round "1.125"]
[White "Durling, Charlie"]
[Black "Minhas, Salar"]
[Result "1-0"]
[WhiteElo "1235"]
[BlackElo "924"]
[PlyCount "75"]
[EventDate "2021.01.21"]
[WhiteTeam "Edgware Gambits E"]
[BlackTeam "Coldfall Knights"]

1. d4 d5 2. c4 dxc4 3. e4 e6 4. Bxc4 f5 5. exf5 exf5 6. Nf3 Bd6 7. O-O Nc6 8.
Re1+ Nge7 9. Nc3 a6 10. Ng5 b5 11. Nf7 Qd7 12. Be6 Qd8 13. Nxd8 Kxd8 14. Bg5
Bxe6 15. Rxe6 Re8 16. d5 Ne5 17. Qd4 h6 18. Bxe7+ Rxe7 19. Rxe7 Bxe7 20. Qxe5
Bf6 21. Qxf5 Ke8 22. Re1+ Kf7 23. Qd7+ Kg6 24. Re6 Rf8 25. Ne4 Kf5 26. Nxf6
Rxf6 27. Rxf6+ Kxf6 28. Qc6+ Kf7 29. Qxc7+ Kf6 30. d6 Ke6 31. d7 Ke7 32. d8=Q+
Ke6 33. Qg8+ Kf6 34. Qf4+ Kg6 35. Qgf7+ Kh7 36. Qe4+ Kh8 37. Qee8+ Kh7 38. Qg6#
1-0

[Event "Junior Online 4NCL Division 4"]
[Site "online"]
[Date "2021.01.21"]
[Round "1.126"]
[White "Corrall, Ruby"]
[Black "Jowell, Leo"]
[Result "0-1"]
[WhiteElo "934"]
[BlackElo "1239"]
[PlyCount "138"]
[EventDate "2021.01.21"]
[WhiteTeam "Coldfall Knights"]
[BlackTeam "Edgware Gambits E"]

1. d4 Nf6 2. Bf4 g6 3. e3 Bg7 4. Bd3 d6 5. c3 O-O 6. Qf3 Nbd7 7. Qh3 Ne5 8. Qh4
Nxd3+ 9. Kf1 Nxf4 10. Qxf4 Bg4 11. f3 Be6 12. e4 Bc4+ 13. Ke1 Re8 14. b3 Bd3
15. c4 e5 16. Qe3 Bc2 17. d5 Nd7 18. Qd2 Bxb1 19. Rxb1 f5 20. Qf2 Nc5 21. Qe3
f4 22. Qc3 Qh4+ 23. Kd1 g5 24. Qe1 Nd3 25. Qxh4 gxh4 26. Ne2 Nf2+ 27. Kd2 Nxh1
28. Rxh1 c6 29. g3 hxg3 30. hxg3 cxd5 31. gxf4 dxe4 32. fxe5 Rxe5 33. f4 e3+
34. Ke1 Rf5 35. Rh3 Bh6 36. Rf3 Rd8 37. Rf1 d5 38. Rf3 d4 39. Rg3+ Kh8 40. Rf3
d3 41. Ng3 d2+ 42. Kd1 Bxf4 43. Nxf5 Rf8 44. Rxf4 Re8 45. Rf1 e2+ 46. Kxd2
exf1=Q 47. Kc3 Qxf5 48. Kb4 Qb1 49. Ka3 Re2 50. Kb4 Rxa2 51. Kc3 Qc2+ 52. Kb4
Rb2 53. Kc5 Qf5+ 54. Kb4 a5+ 55. Ka4 b5+ 56. Ka3 bxc4 57. Kxb2 cxb3 58. Kxb3
Qb5+ 59. Kc3 Kg7 60. Kc2 Kf6 61. Kc3 Ke5 62. Kc2 Qd5 63. Kb2 Kd4 64. Kc2 Ke3
65. Kc3 Qd4+ 66. Kb3 Kd3 67. Ka2 Kc2 68. Ka3 Qb2+ 69. Ka4 Qb4# 0-1

[Event "Junior Online 4NCL Division 4"]
[Site "online"]
[Date "2021.01.21"]
[Round "1.127"]
[White "Lyons, Joseph"]
[Black "Haga, Matteo"]
[Result "0-1"]
[WhiteElo "1206"]
[BlackElo "850"]
[PlyCount "124"]
[EventDate "2021.01.21"]
[WhiteTeam "Edgware Gambits E"]
[BlackTeam "Coldfall Knights"]

1. e4 d5 2. exd5 Qxd5 3. Nc3 Qd8 4. Nf3 f5 5. Bc4 Nf6 6. d3 g6 7. Ne5 e6 8. O-O
Bd6 9. Bf4 O-O 10. h3 Kg7 11. Qf3 c6 12. Qg3 Nh5 13. Qg5 Qxg5 14. Bxg5 Bxe5 15.
Rfe1 Bxc3 16. bxc3 Re8 17. Re2 e5 18. Rae1 Nd7 19. d4 e4 20. f3 Ng3 21. Re3 Ne5
22. Bh4 Nh5 23. fxe4 fxe4 24. Rxe4 Bxh3 25. gxh3 Nf3+ 26. Kf1 Nxe1 27. Rxe1
Rxe1+ 28. Bxe1 Rf8+ 29. Ke2 Rf5 30. Be6 Rg5 31. Bc8 b5 32. Bb7 Rg2+ 33. Kd1 Rh2
34. Bxc6 Rxh3 35. Bxb5 Rf3 36. c4 Rf8 37. d5 Rd8 38. Bf2 Kf7 39. Bxa7 Ke7 40.
Bc5+ Kf6 41. Bf2 g5 42. Bd4+ Kf5 43. Bc6 g4 44. c5 Ke4 45. Bg1 Nf6 46. d6+ Ke5
47. d7 Nxd7 48. Bh2+ Kd4 49. Bc7 Rc8 50. Bxd7 Rxc7 51. Bxg4 Rg7 52. Bf5 h5 53.
c6 Rc7 54. Bd7 h4 55. Kc1 Kc5 56. Kb2 Rxc6 57. Bxc6 Kxc6 58. Kb3 h3 59. a4 h2
60. Kb4 h1=Q 61. c4 Qb1+ 62. Ka5 Qb6# 0-1

[Event "Junior Online 4NCL Division 4"]
[Site "online"]
[Date "2021.01.21"]
[Round "1.128"]
[White "Richards, Hal"]
[Black "Rahamim, Eitan"]
[Result "0-1"]
[WhiteElo "790"]
[BlackElo "1211"]
[PlyCount "124"]
[EventDate "2021.01.21"]
[WhiteTeam "Coldfall Knights"]
[BlackTeam "Edgware Gambits E"]

1. e4 e5 2. Bc4 Nf6 3. d3 Bc5 4. Nc3 Nc6 5. Nf3 O-O 6. Bd2 h6 7. Qe2 a6 8. a4
d6 9. Be3 Bxe3 10. Qxe3 Bg4 11. Nh4 Nd4 12. O-O Nxc2 13. Qd2 Nxa1 14. Rxa1 c6
15. Bb3 b5 16. axb5 axb5 17. Rxa8 Qxa8 18. h3 Bd7 19. Ne2 d5 20. exd5 cxd5 21.
Qe1 e4 22. dxe4 dxe4 23. f3 Qa7+ 24. Kh1 exf3 25. gxf3 Bxh3 26. Nc3 b4 27. Nb5
Qb6 28. Qxb4 Be6 29. f4 Bxb3 30. Qxb3 Qc6+ 31. Ng2 Qc1+ 32. Kh2 Ng4+ 33. Kg3
Nf6 34. f5 Qg5+ 35. Kf3 Qxf5+ 36. Nf4 Nh5 37. Qb4 Rb8 38. Nd6 Rxb4 39. Nxf5
Rxf4+ 40. Ke3 Rxf5 41. Kd3 g5 42. b4 g4 43. Kc3 g3 44. Kb3 g2 45. Ka4 g1=Q 46.
b5 Rf4+ 47. Ka5 Qa1+ 48. Kb6 Qf6+ 49. Ka5 Qd8+ 50. Ka6 Ra4+ 51. Kb7 Rb4 52. Kc6
Qa8+ 53. Kc5 Qa5 54. Kc6 Qxb5+ 55. Kd6 f5 56. Ke6 Re4+ 57. Kd6 f4 58. Kc7 f3
59. Kd6 f2 60. Kc7 f1=Q 61. Kd6 Qd1+ 62. Kc7 Rc4# 0-1

[Event "Junior Online 4NCL Division 4"]
[Site "online"]
[Date "2021.01.21"]
[Round "1.132"]
[White "Agarwal, Mihir"]
[Black "Mallick, Ismail"]
[Result "0-1"]
[WhiteElo "1098"]
[BlackElo "1075"]
[PlyCount "84"]
[EventDate "2021.01.21"]
[WhiteTeam "The Hall 3"]
[BlackTeam "Wimbledon Juniors A"]

1. e4 c5 2. Nf3 Nc6 3. c4 e5 4. Nc3 Nf6 5. Be2 d6 6. d3 Be7 7. Bg5 Be6 8. Qb3
b6 9. a4 O-O 10. Qb5 Bd7 11. O-O Nb4 12. Qxd7 Qxd7 13. a5 bxa5 14. Rxa5 a6 15.
Na4 Qc7 16. Nb6 Qxb6 17. Raa1 Nc2 18. Rac1 Nb4 19. Nh4 h6 20. Nf5 Qc7 21. Bxf6
Bxf6 22. Ne3 Nc6 23. Nd5 Qd8 24. Bf3 Nd4 25. Bg4 Bg5 26. Rcd1 Bh4 27. g3 Bg5
28. f4 exf4 29. gxf4 Bf6 30. Rde1 Bh4 31. Re3 Re8 32. e5 dxe5 33. fxe5 Qg5 34.
Re4 h5 35. Nc7 hxg4 36. Nxa8 Rxa8 37. Kh1 Re8 38. Rg1 Rxe5 39. Rexg4 Qf6 40. b4
cxb4 41. Rxd4 Qf3+ 42. Rg2 Re1# 0-1

[Event "Junior Online 4NCL Division 4"]
[Site "online"]
[Date "2021.01.21"]
[Round "1.133"]
[White "Doorduin, Lara"]
[Black "Kohli, Aryan"]
[Result "1-0"]
[WhiteElo "1073"]
[BlackElo "1083"]
[PlyCount "67"]
[EventDate "2021.01.21"]
[WhiteTeam "Wimbledon Juniors A"]
[BlackTeam "The Hall 3"]

1. e4 c5 2. Nf3 d6 3. d4 cxd4 4. Nxd4 e6 5. Nc3 Nf6 6. Bc4 Bd7 7. O-O Nc6 8.
Be3 Nxd4 9. Bxd4 Be7 10. e5 Ng8 11. exd6 Bf6 12. Qd3 Bxd4 13. Qxd4 Nf6 14. Rfe1
O-O 15. Rad1 Nh5 16. Ne4 b5 17. Bd3 Nf4 18. Be2 Nxe2+ 19. Rxe2 Qa5 20. a3 Rfd8
21. Re3 Rac8 22. c3 Qa6 23. Rg3 g6 24. h4 Rf8 25. h5 Rcd8 26. h6 f6 27. Nxf6+
Kf7 28. Nxd7 Rxd7 29. Qg7+ Ke8 30. Qe5 Qc6 31. Rd4 Qb6 32. Rf3 Rg8 33. Qxe6+
Re7 34. Qxe7# 1-0

[Event "Junior Online 4NCL Division 4"]
[Site "online"]
[Date "2021.01.21"]
[Round "1.134"]
[White "Payne, Luca"]
[Black "Shan-Muhammad, Rohan"]
[Result "1/2-1/2"]
[WhiteElo "1032"]
[BlackElo "1068"]
[PlyCount "53"]
[EventDate "2021.01.21"]
[WhiteTeam "The Hall 3"]
[BlackTeam "Wimbledon Juniors A"]

1. e4 e5 2. Nf3 Nc6 3. Bc4 Bc5 4. d3 Nf6 5. Nc3 O-O 6. Nd5 Nxd5 7. Bxd5 d6 8.
Ng5 Qe7 9. Qh5 h6 10. h4 Be6 11. Bd2 Bxd5 12. exd5 Nd4 13. O-O-O c6 14. dxc6
bxc6 15. Rdg1 Rab8 16. Be3 Qb7 17. b3 Ba3+ 18. Kb1 Bc5 19. Bxd4 Bxd4 20. g4
Bxf2 21. Rf1 Bd4 22. Kc1 Be3+ 23. Kd1 c5 24. Rf3 f6 25. Ne6 Rfe8 26. Rxe3 Qxh1+
27. Kd2 1/2-1/2

[Event "Junior Online 4NCL Division 4"]
[Site "online"]
[Date "2021.01.21"]
[Round "1.135"]
[White "Litvin, Theo"]
[Black "Farsi-Holford, William"]
[Result "1-0"]
[WhiteElo "1099"]
[BlackElo "1391"]
[PlyCount "93"]
[EventDate "2021.01.21"]
[WhiteTeam "The Hall 3"]
[BlackTeam "Wimbledon Juniors A"]

1. e4 c5 2. Bc4 Nc6 3. Nf3 g6 4. Nc3 Bg7 5. d3 Nf6 6. Bf4 d6 7. O-O e5 8. Bg5
h6 9. Bh4 g5 10. Bg3 O-O 11. Re1 Bg4 12. h3 Bxf3 13. Qxf3 h5 14. h4 g4 15. Qe3
Nd4 16. Bb3 a5 17. Ne2 a4 18. Nxd4 cxd4 19. Qd2 axb3 20. axb3 Rxa1 21. Rxa1 Kh7
22. Ra7 Qb6 23. Ra5 Bh6 24. Qe1 Bf4 25. Bxf4 exf4 26. Rf5 Kg6 27. Rxf4 Qc5 28.
Qd2 d5 29. Rf5 dxe4 30. Qg5+ Kh7 31. Rxc5 Nd7 32. Qxh5+ Kg7 33. Rg5+ Kf6 34.
Qh6+ Ke7 35. Rxg4 Nf6 36. Qg5 Ke6 37. Rf4 Rd8 38. Qxf6+ Kd7 39. Qxf7+ Kc8 40.
Qe6+ Rd7 41. Rf8+ Kc7 42. Qc4+ Kb6 43. Qb4+ Kc6 44. Rf6+ Kc7 45. Qa5+ Kc8 46.
Rf8+ Rd8 47. Rxd8# 1-0